| 000 | 00631nam a22001937a 4500 | ||
|---|---|---|---|
| 999 |
_c61762 _d61762 |
||
| 005 | 20240429171333.0 | ||
| 008 | 240429s2008 enk||||| |||| 00| 0 eng d | ||
| 020 | _a9781929007868x | ||
| 041 | _aeng | ||
| 080 | _a611(084.1) O-95 | ||
| 100 |
_aOvalle, William K. _921988 |
||
| 245 |
_aNetter's Essential Histology: _cWilliam K. Ovalle, Patrick C. Nahirney. |
||
| 264 |
_aPhiladhelphia : _bSaunders, _c2008. |
||
| 300 |
_a493 p.: _bill.; _c28 cm. |
||
| 653 | _aჰისტოლოგია | ||
| 653 | _aმედიცინა | ||
| 700 |
_aNahirney, Patrick C. _eავტორი _921989 |
||
| 942 |
_2udc _cᲬᲘᲒᲜᲘ |
||